[Event "4th Las Palmas it"]
[Site "Las Palmas ESP"]
[Date "1975.04.06"]
[Round "1"]
[White "Larsen, Bent"]
[Black "Petrosian, Tigran"]
[Result "1/2-1/2"]
[WhiteElo "2625"]
[BlackElo "2645"]
[EventDate "1975.04.06"]
[PlyCount "80"]

1.d4 Nf6 2.c4 e6 3.Nc3 Bb4 4.e3 c5 5.Bd3 O-O 6.Nf3 d5 7.O-O dxc4 8.Bxc4 
cxd4 9.exd4 b6 10.Qb3 Bxc3 11.bxc3 Bb7 12.Ne5 Qc7 13.Ba3 Re8 14.Bb5 Nc6 
15.Bxc6 Bxc6 16.c4 Bb7 17.Rfd1 Rac8 18.Rac1 Nd7 19.Ng4 f5 20.Ne3 Nf6 21.f3
Qd7 22.Bb2 Bc6 23.Re1 f4 24.Nf1 b5 25.d5 exd5 26.cxb5 Bxb5 27.Bxf6 gxf6 
28.Rxe8+ Rxe8 29.Nd2 Kg7 30.Qb4 d4 31.Nb3 d3 32.Qxf4 Re5 33.h4 Qe7 34.Kh2 
Qd6 35.Nd4 Bd7 36.Rd1 Qa3 37.Qg3+ Kf7 38.f4 Rh5 39.f5 Bxf5 40.Qc7+ Qe7 
1/2-1/2

[Event "4th Las Palmas it"]
[Site "Las Palmas ESP"]
[Date "1975.04.06"]
[Round "1"]
[White "Visier Segovia, Fernando"]
[Black "Mecking, Henrique"]
[Result "0-1"]
[WhiteElo "2375"]
[BlackElo "2610"]
[EventDate "1975.04.06"]
[PlyCount "80"]

1.d4 Nf6 2.c4 e6 3.Nc3 Bb4 4.e3 c5 5.Bd3 Nc6 6.Nf3 Bxc3+ 7.bxc3 d6 8.e4 e5
9.d5 Ne7 10.Nh4 h6 11.f4 Ng6 12.Nxg6 fxg6 13.O-O O-O 14.f5 b5 15.g4 bxc4 
16.Bc2 Qa5 17.Qf3 gxf5 18.gxf5 Bd7 19.Kh1 Kh8 20.Rg1 Rab8 21.Qg2 Rf7 22.
Qg6 Rbf8 23.Bxh6 gxh6 24.Qxh6+ Nh7 25.f6 Qxc3 26.Raf1 Rg8 27.Rxg8+ Kxg8 
28.Rg1+ Kh8 29.Rg7 Qe1+ 30.Kg2 Bh3+ 31.Kxh3 Qf1+ 32.Kg3 Qg1+ 33.Kh3 Rxg7 
34.fxg7+ Kg8 35.Qe6+ Kxg7 36.Qe7+ Kh6 37.Qh4+ Kg6 38.Qg3+ Ng5+ 39.Kh4 Qe1 
40.Bb1 c3 0-1

[Event "4th Las Palmas it"]
[Site "Las Palmas ESP"]
[Date "1975.04.06"]
[Round "1"]
[White "Olafsson, Fridrik"]
[Black "Hort, Vlastimil"]
[Result "1/2-1/2"]
[WhiteElo "2535"]
[BlackElo "2600"]
[EventDate "1975.04.06"]
[PlyCount "27"]

1.d4 Nf6 2.Nf3 g6 3.c4 Bg7 4.Nc3 d5 5.cxd5 Nxd5 6.Bd2 c5 7.Rc1 Nxc3 8.Bxc3
cxd4 9.Nxd4 O-O 10.e3 Nd7 11.Be2 Nb6 12.Nb5 Qxd1+ 13.Rxd1 Bd7 14.Bxg7 
1/2-1/2

[Event "4th Las Palmas it"]
[Site "Las Palmas ESP"]
[Date "1975.04.06"]
[Round "1"]
[White "Rodriguez Vargas, Orestes"]
[Black "Tatai, Stefano"]
[Result "0-1"]
[WhiteElo "2435"]
[BlackElo "2455"]
[EventDate "1975.04.06"]
[PlyCount "76"]

1.d4 Nf6 2.c4 e6 3.Nf3 c5 4.e3 d5 5.Nc3 Nc6 6.Bd3 a6 7.O-O dxc4 8.Bxc4 b5 
9.Bd3 Bb7 10.a4 b4 11.Ne4 cxd4 12.exd4 Na5 13.Nxf6+ gxf6 14.Re1 Bd5 15.Bf4
Bd6 16.Bxd6 Qxd6 17.Nd2 Qf4 18.Ne4 Nb3 19.Rb1 Ke7 20.Ng3 Rad8 21.Bxa6 h5 
22.h4 Kf8 23.Re3 Nxd4 24.Rc1 Qxh4 25.Qe1 Qg4 26.Rd1 Nf5 27.Re4 Qg6 28.
Qxb4+ Kg7 29.Nxf5+ exf5 30.Rxd5 fxe4 31.Bb7 h4 32.Rxd8 Rxd8 33.Qxe4 Qg5 
34.Kh2 Rd2 35.Qf3 Rxb2 36.Be4 Rb4 37.Bc2 Rf4 38.Qd3 Qe5 0-1

[Event "4th Las Palmas it"]
[Site "Las Palmas ESP"]
[Date "1975.04.06"]
[Round "1"]
[White "Cardoso, Rodolfo Tan"]
[Black "Fernandez Fernandez, Angel"]
[Result "1-0"]
[WhiteElo "2410"]
[BlackElo "2300"]
[EventDate "1975.04.06"]
[PlyCount "65"]

1.e4 e6 2.d4 d5 3.Nd2 Nf6 4.e5 Nfd7 5.Bd3 b6 6.Ne2 c5 7.c3 Ba6 8.Bxa6 Nxa6
9.O-O Be7 10.f4 g6 11.Kh1 Qc7 12.c4 dxc4 13.Nxc4 cxd4 14.Qxd4 O-O-O 15.
Nd6+ Bxd6 16.exd6 Qc5 17.Be3 Qxd4 18.Bxd4 Rhf8 19.Ng3 Ndc5 20.Bf6 Rd7 21.
a3 Nb3 22.Rad1 Nac5 23.Rf3 Kb7 24.Rc3 Kc6 25.Ne4 Kb5 26.Re1 a5 27.Be7 Re8 
28.Nf6 Rexe7 29.dxe7 Rxe7 30.g4 h5 31.gxh5 gxh5 32.Re5 h4 33.Rxb3+ 1-0

[Event "4th Las Palmas it"]
[Site "Las Palmas ESP"]
[Date "1975.04.07"]
[Round "2"]
[White "Petrosian, Tigran"]
[Black "Olafsson, Fridrik"]
[Result "1/2-1/2"]
[WhiteElo "2645"]
[BlackElo "2535"]
[EventDate "1975.04.06"]
[PlyCount "27"]

1.Nf3 Nf6 2.c4 e6 3.g3 d5 4.Bg2 dxc4 5.Qa4+ Nbd7 6.Qxc4 c5 7.Qc2 b6 8.b3 
Bb7 9.Bb2 Be7 10.O-O O-O 11.Nc3 Rc8 12.Rfd1 a6 13.d3 Qc7 14.Rac1 1/2-1/2

[Event "4th Las Palmas it"]
[Site "Las Palmas ESP"]
[Date "1975.04.07"]
[Round "2"]
[White "Bellon Lopez, Juan Manuel"]
[Black "Cardoso, Rodolfo Tan"]
[Result "0-1"]
[WhiteElo "2415"]
[BlackElo "2410"]
[EventDate "1975.04.06"]
[PlyCount "56"]

1.g3 d5 2.Bg2 e5 3.c4 c6 4.cxd5 cxd5 5.d4 Bb4+ 6.Bd2 Bxd2+ 7.Qxd2 e4 8.Nc3
Ne7 9.f3 f5 10.Nh3 O-O 11.O-O Nd7 12.fxe4 fxe4 13.Rxf8+ Nxf8 14.Rf1 Bf5 
15.Nf4 Qd7 16.e3 Nfg6 17.Nfxd5 Nxd5 18.Rxf5 Nxc3 19.Bh3 Nd5 20.Rf8+ Nxf8 
21.Bxd7 Nxd7 22.Qc2 N7f6 23.Qb3 b6 24.h3 Rc8 25.Kf2 h5 26.Qd1 a5 27.a3 b5 
28.Ke2 Rc3 0-1

[Event "4th Las Palmas it"]
[Site "Las Palmas ESP"]
[Date "1975.04.07"]
[Round "2"]
[White "Hort, Vlastimil"]
[Black "Visier Segovia, Fernando"]
[Result "1/2-1/2"]
[WhiteElo "2600"]
[BlackElo "2375"]
[EventDate "1975.04.06"]
[PlyCount "100"]

1.c4 Nf6 2.Nf3 g6 3.Nc3 Bg7 4.e4 d6 5.d4 O-O 6.Be2 e5 7.d5 Nh5 8.g3 Nd7 9.
Bg5 Ndf6 10.h3 c5 11.Nh4 Qa5 12.Bd2 a6 13.Qc2 Qc7 14.Ng2 Bd7 15.g4 Nf4 16.
Nxf4 exf4 17.Bxf4 b5 18.O-O Rab8 19.a4 bxc4 20.Bxc4 Bc8 21.Rae1 Nd7 22.b3 
Re8 23.Nb1 Bd4 24.Nd2 h5 25.Nf3 Bg7 26.Nh2 hxg4 27.hxg4 Nb6 28.Bd3 Qe7 29.
Qd2 Nd7 30.Bc4 Rb4 31.Bg5 Qf8 32.Qc2 Ne5 33.Bd2 Rb8 34.Be2 Qe7 35.Bf4 Qh4 
36.Kg2 Nxg4 37.Bxg4 Bxg4 38.Nxg4 Qxg4+ 39.Bg3 Rb4 40.f3 Qd7 41.Rb1 Reb8 
42.Be1 R4b6 43.Ba5 R6b7 44.Bc3 Qe7 45.Bd2 Qe5 46.Rfe1 Bf6 47.Rh1 Qe7 48.
Rh3 Bd4 49.Qd3 Bg7 50.Rg3 Qe5 1/2-1/2

[Event "4th Las Palmas it"]
[Site "Las Palmas ESP"]
[Date "1975.04.07"]
[Round "2"]
[White "Mecking, Henrique"]
[Black "Tal, Mikhail"]
[Result "1-0"]
[WhiteElo "2610"]
[BlackElo "2645"]
[EventDate "1975.04.06"]
[PlyCount "127"]

1.e4 c5 2.Nf3 d6 3.d4 cxd4 4.Nxd4 Nf6 5.Nc3 a6 6.Bg5 e6 7.f4 Qb6 8.Qd2 
Qxb2 9.Nb3 Qa3 10.Bxf6 gxf6 11.Be2 Nc6 12.O-O h5 13.Nb1 Qb4 14.Qe3 d5 15.
exd5 Ne7 16.Nc3 Nf5 17.Qd3 Qb6+ 18.Rf2 Qe3 19.Ne4 Qxd3 20.Bxd3 Be7 21.Re1 
Kf8 22.dxe6 Bxe6 23.Nec5 Nd4 24.Nxe6+ Nxe6 25.Bf5 Nc7 26.Rd1 Nb5 27.Rd7 
Rd8 28.c4 Nd6 29.Rxd8+ Bxd8 30.Bd3 b6 31.Rd2 Bc7 32.Kf2 Kg7 33.Kf3 Re8 34.
Re2 Rd8 35.Rd2 Nb7 36.Be4 Rxd2 37.Nxd2 Nc5 38.h4 Bd6 39.Nf1 Bc7 40.Ng3 Kh6
41.Nf5+ Kh7 42.Ng3+ Kh6 43.Bc2 Ne6 44.Nf5+ Kh7 45.g3 Ng7 46.Ne7+ Kh8 47.
Nd5 Bd8 48.Ke4 Ne6 49.Bd1 Ng7 50.Nb4 a5 51.Nd5 Kg8 52.Nc3 Kf8 53.Bc2 Ke7 
54.Kd5 Kd7 55.Ba4+ Ke7 56.Bc2 Kd7 57.Ba4+ Ke7 58.Kc6 Nf5 59.Nd5+ Ke6 60.
Nxb6 Nd4+ 61.Kb7 Kd6 62.Nd7 Ne6 63.Kc8 Be7 64.Bd1 1-0

[Event "4th Las Palmas it"]
[Site "Las Palmas ESP"]
[Date "1975.04.07"]
[Round "2"]
[White "Pomar Salamanca, Arturo"]
[Black "Rodriguez Vargas, Orestes"]
[Result "0-1"]
[WhiteElo "2450"]
[BlackElo "2435"]
[EventDate "1975.04.06"]
[PlyCount "74"]

1.d4 Nf6 2.Nf3 g6 3.g3 Bg7 4.Bg2 O-O 5.O-O d6 6.b3 Nbd7 7.Bb2 c5 8.c4 a6 
9.Nc3 Rb8 10.Rc1 b5 11.dxc5 Nxc5 12.cxb5 axb5 13.Nd4 Bd7 14.b4 Na6 15.a3 
Qb6 16.Qd2 Nc7 17.Rfd1 Rfc8 18.e4 Ng4 19.Nd5 Nxd5 20.exd5 Rxc1 21.Rxc1 Bh6
22.f4 Ne5 23.Ba1 Ra8 24.Kh1 Rxa3 25.Nc6 Nc4 26.Qe2 e5 27.Rf1 Qe3 28.Qc2 
exf4 29.gxf4 Bf5 30.Qd1 Be4 31.Re1 Bxg2+ 32.Kxg2 Bg7 33.Bxg7 Ra2+ 34.Kh1 
Qh3 35.Ne7+ Kxg7 36.Qd4+ Ne5 37.Nf5+ Kf8 0-1

[Event "4th Las Palmas it"]
[Site "Las Palmas ESP"]
[Date "1975.04.07"]
[Round "2"]
[White "Andersson, Ulf"]
[Black "Fernandez Fernandez, Angel"]
[Result "1-0"]
[WhiteElo "2565"]
[BlackElo "2300"]
[EventDate "1975.04.06"]
[PlyCount "73"]

1.Nf3 f5 2.c4 Nf6 3.g3 Nc6 4.d4 d5 5.cxd5 Nxd5 6.Bg2 e6 7.O-O Be7 8.Nc3 
O-O 9.Bd2 Bf6 10.e3 Nce7 11.Rc1 b6 12.Qb3 Bb7 13.Rfd1 Qe8 14.Ne1 g5 15.Nd3
a5 16.a4 Rf7 17.Nb5 Bc6 18.Rc4 Bxb5 19.axb5 Rd8 20.Rdc1 Rd7 21.Qa2 Rd8 22.
Qa4 Ra8 23.b3 Rb8 24.R4c2 Qd7 25.b4 axb4 26.Bxb4 Ng6 27.Bd2 Bd8 28.Qa7 Qc8
29.Qa2 Qd7 30.Rc6 f4 31.Rxe6 f3 32.Rxg6+ hxg6 33.Ne5 Qf5 34.Bxf3 g4 35.e4 
Qf6 36.Qxd5 gxf3 37.Bg5 1-0

[Event "4th Las Palmas it"]
[Site "Las Palmas ESP"]
[Date "1975.04.08"]
[Round "3"]
[White "Fernandez Fernandez, Angel"]
[Black "Bellon Lopez, Juan Manuel"]
[Result "0-1"]
[WhiteElo "2300"]
[BlackElo "2415"]
[EventDate "1975.04.06"]
[PlyCount "50"]

1.e4 c5 2.Nf3 a6 3.Nc3 b5 4.d4 cxd4 5.Nxd4 Bb7 6.f3 Nc6 7.Be3 Nf6 8.Nb3 e6
9.Qd2 d6 10.O-O-O Be7 11.h4 O-O 12.Qf2 Nd7 13.g4 Qc7 14.g5 Nce5 15.h5 Rac8
16.Nd4 b4 17.Na4 Bc6 18.g6 Bxa4 19.h6 fxg6 20.Bh3 Nc5 21.Qh2 gxh6 22.b3 
Bd7 23.Bxh6 Nxf3 24.Nxf3 Rxf3 25.Bg7 Nxb3+ 0-1

[Event "4th Las Palmas it"]
[Site "Las Palmas ESP"]
[Date "1975.04.08"]
[Round "3"]
[White "Ljubojevic, Ljubomir"]
[Black "Andersson, Ulf"]
[Result "1/2-1/2"]
[WhiteElo "2615"]
[BlackElo "2565"]
[EventDate "1975.04.06"]
[PlyCount "94"]

1.e4 c5 2.Nf3 d6 3.d4 cxd4 4.Nxd4 Nf6 5.Nc3 e6 6.Be3 a6 7.Qf3 Qc7 8.O-O-O 
Nc6 9.Be2 Be7 10.Qg3 O-O 11.f4 Bd7 12.e5 Ne8 13.Kb1 Rc8 14.Bd3 dxe5 15.
fxe5 Nxe5 16.Bf4 Bd6 17.Ne4 Nxd3 18.Bxd6 Nxd6 19.Nxd6 Nb4 20.Nxc8 Rxc8 21.
Qxc7 Rxc7 22.Rhe1 Kf8 23.Rd2 h6 24.g3 Nd5 25.Rd3 Rc5 26.a3 Nf6 27.Nf3 Ke7 
28.Ne5 Be8 29.b4 Rc7 30.Kb2 b5 31.Rc3 Rxc3 32.Kxc3 Nd5+ 33.Kd4 f6 34.Nd3 
Kd6 35.Nc5 e5+ 36.Kd3 Bg6+ 37.Kd2 Nb6 38.Kc3 Nc4 39.a4 Nb6 40.a5 Nd5+ 41.
Kb3 Bf7 42.Ka3 Nc7 43.Rd1+ Bd5 44.g4 g6 45.Kb2 f5 46.gxf5 gxf5 47.Kc3 f4 
1/2-1/2

[Event "4th Las Palmas it"]
[Site "Las Palmas ESP"]
[Date "1975.04.08"]
[Round "3"]
[White "Tal, Mikhail"]
[Black "Hort, Vlastimil"]
[Result "1/2-1/2"]
[WhiteElo "2645"]
[BlackElo "2600"]
[EventDate "1975.04.06"]
[PlyCount "31"]

1.e4 d6 2.d4 Nf6 3.Nc3 g6 4.Nf3 Bg7 5.Be2 O-O 6.O-O Bg4 7.Be3 Nbd7 8.Qd2 
e5 9.dxe5 dxe5 10.Rfd1 c6 11.h3 Bxf3 12.Bxf3 Re8 13.Qe2 Qc7 14.Qc4 Nb6 15.
Qc5 Nbd7 16.Qc4 1/2-1/2

[Event "4th Las Palmas it"]
[Site "Las Palmas ESP"]
[Date "1975.04.08"]
[Round "3"]
[White "Visier Segovia, Fernando"]
[Black "Petrosian, Tigran"]
[Result "1/2-1/2"]
[WhiteElo "2375"]
[BlackElo "2645"]
[EventDate "1975.04.06"]
[PlyCount "67"]

1.d4 Nf6 2.c4 e6 3.Nc3 Bb4 4.e3 c5 5.Bd3 d5 6.Nf3 O-O 7.O-O dxc4 8.Bxc4 a6
9.Bd3 cxd4 10.exd4 Nc6 11.Be3 Be7 12.Rc1 Nb4 13.Bb1 b6 14.Ne5 Bb7 15.Re1 
Rc8 16.Bg5 g6 17.Bh6 Re8 18.Qe2 Qd6 19.Rcd1 b5 20.a3 Nbd5 21.Ne4 Nxe4 22.
Bxe4 Bf6 23.Qf3 Qe7 24.Rc1 Red8 25.Rxc8 Rxc8 26.Nd3 Ba8 27.h3 Qd6 28.Ne5 
Bxe5 29.Bxd5 Bh2+ 30.Kh1 Qxd5 31.Qxd5 Bxd5 32.Kxh2 f6 33.Rc1 Rxc1 34.Bxc1 
1/2-1/2

[Event "4th Las Palmas it"]
[Site "Las Palmas ESP"]
[Date "1975.04.08"]
[Round "3"]
[White "Rodriguez Vargas, Orestes"]
[Black "Debarnot, Roberto Luis"]
[Result "1-0"]
[WhiteElo "2435"]
[BlackElo "2380"]
[EventDate "1975.04.06"]
[PlyCount "133"]

1.d4 Nf6 2.c4 e6 3.Nf3 b6 4.g3 Bb7 5.Bg2 c5 6.Nc3 cxd4 7.Qxd4 Nc6 8.Qf4 
Be7 9.O-O O-O 10.Rd1 d6 11.b3 Qb8 12.Bb2 Rd8 13.e4 a6 14.Rac1 b5 15.Ne2 e5
16.Qe3 Qa7 17.Qxa7 Rxa7 18.Nc3 bxc4 19.bxc4 Na5 20.Nd5 Bxd5 21.cxd5 Raa8 
22.Ba3 Bf8 23.Nd2 Nb7 24.Rb1 Ra7 25.Rdc1 Ne8 26.Rc6 Nc5 27.Nc4 Na4 28.Rc1 
f6 29.Na5 Rda8 30.Nb3 Rb7 31.Bh3 g6 32.Bc8 Rb6 33.Bd7 Rd8 34.Be6+ Kg7 35.
Rc8 Rb8 36.R8c2 Rb5 37.Bc8 a5 38.Ba6 Rb6 39.Bf1 Nc5 40.Nxc5 dxc5 41.Bxc5 
Bxc5 42.Rxc5 Rb4 43.f3 f5 44.exf5 gxf5 45.Rxa5 Rd4 46.d6 Nxd6 47.Rxe5 Ra8 
48.Re7+ Kf6 49.Rxh7 Rxa2 50.Rh6+ Ke7 51.Re1+ Kd7 52.Re2 Rxe2 53.Bxe2 f4 
54.Kf2 Ke7 55.Rh5 Kf6 56.Rc5 Nf5 57.g4 Nh4 58.Rh5 Ng6 59.h4 Rb4 60.Rf5+ 
Ke6 61.h5 Ne7 62.Rc5 Rb1 63.Rc4 Nd5 64.Re4+ Kf6 65.g5+ Kf5 66.Bd3 Rd1 67.
Re3+ 1-0

[Event "4th Las Palmas it"]
[Site "Las Palmas ESP"]
[Date "1975.04.08"]
[Round "3"]
[White "Cardoso, Rodolfo Tan"]
[Black "Mecking, Henrique"]
[Result "1/2-1/2"]
[WhiteElo "2410"]
[BlackElo "2610"]
[EventDate "1975.04.06"]
[PlyCount "55"]

1.e4 c5 2.Nf3 d6 3.d4 cxd4 4.Nxd4 Nf6 5.Nc3 a6 6.g3 e5 7.Nde2 Nbd7 8.Bg2 
Be7 9.O-O O-O 10.h3 b5 11.Be3 Bb7 12.a4 b4 13.Nd5 Nxd5 14.exd5 a5 15.c3 
bxc3 16.Nxc3 Ba6 17.Re1 Bg5 18.Bxg5 Qxg5 19.Ne4 Qe7 20.Qd2 f5 21.Ng5 Nc5 
22.Ne6 Nb3 23.Qc3 Nxa1 24.Nxf8 Qxf8 25.Rxa1 Qd8 26.Rc1 Rc8 27.Qe3 Rxc1+ 
28.Qxc1 1/2-1/2

[Event "4th Las Palmas it"]
[Site "Las Palmas ESP"]
[Date "1975.04.10"]
[Round "4"]
[White "Andersson, Ulf"]
[Black "Bellon Lopez, Juan Manuel"]
[Result "1/2-1/2"]
[WhiteElo "2565"]
[BlackElo "2415"]
[EventDate "1975.04.06"]
[PlyCount "65"]

1.Nf3 Nf6 2.c4 e6 3.g3 a6 4.Nc3 c5 5.Bg2 Nc6 6.O-O d5 7.cxd5 Nxd5 8.d4 Nf6
9.dxc5 Qxd1 10.Rxd1 Bxc5 11.Bf4 O-O 12.Bd6 Bxd6 13.Rxd6 Bd7 14.Rad1 Rfd8 
15.Nd4 Na5 16.Nb3 Nxb3 17.axb3 Kf8 18.Ne4 Nxe4 19.Bxe4 Ke7 20.Bxb7 Bb5 21.
Rxd8 Rxd8 22.Rxd8 Kxd8 23.Kf1 Kc7 24.Be4 f5 25.Bc2 Kd6 26.Ke1 Kc5 27.Kd2 
Kb4 28.f4 a5 29.e4 g6 30.exf5 exf5 31.Bd1 Bc6 32.Kc1 Bd5 33.Be2 1/2-1/2

[Event "4th Las Palmas it"]
[Site "Las Palmas ESP"]
[Date "1975.04.10"]
[Round "4"]
[White "Debarnot, Roberto Luis"]
[Black "Larsen, Bent"]
[Result "0-1"]
[WhiteElo "2380"]
[BlackElo "2625"]
[EventDate "1975.04.06"]
[PlyCount "56"]

1.c4 e6 2.Nf3 b6 3.g3 Bb7 4.Bg2 Nf6 5.O-O d5 6.cxd5 exd5 7.b3 Bd6 8.Bb2 
O-O 9.Nd4 Re8 10.Nc3 Bf8 11.a3 c5 12.Nc2 Nc6 13.d4 Na5 14.b4 Nc4 15.Bc1 
cxb4 16.axb4 Ne4 17.Nxe4 dxe4 18.Na3 Qd5 19.Nc2 Qd7 20.e3 Bd5 21.Re1 Rac8 
22.b5 Qxb5 23.Rxa7 Nb2 24.Bxb2 Qxb2 25.Qh5 Bb3 26.Na1 Rc1 27.Rf1 Bc4 28.
Qf5 Qb1 0-1

[Event "4th Las Palmas it"]
[Site "Las Palmas ESP"]
[Date "1975.04.10"]
[Round "4"]
[White "Hort, Vlastimil"]
[Black "Cardoso, Rodolfo Tan"]
[Result "1-0"]
[WhiteElo "2600"]
[BlackElo "2410"]
[EventDate "1975.04.06"]
[PlyCount "57"]

1.d4 g6 2.c4 c6 3.Nc3 Bg7 4.e4 d5 5.e5 dxc4 6.Bxc4 Nh6 7.h3 Nf5 8.Nf3 b5 
9.Bb3 h5 10.Ne4 Na6 11.Neg5 e6 12.a4 b4 13.Ne4 Qa5 14.Bg5 c5 15.Nf6+ Kf8 
16.d5 Bh6 17.Bxh6+ Rxh6 18.O-O Qd8 19.Qc1 Kg7 20.Rd1 Qe7 21.d6 Qd8 22.Ng5 
Bd7 23.Bc2 Rh8 24.Bxf5 gxf5 25.h4 Bc6 26.Rd3 Rh6 27.Rg3 Rg6 28.Nxe6+ fxe6 
29.Rxg6+ 1-0

[Event "4th Las Palmas it"]
[Site "Las Palmas ESP"]
[Date "1975.04.10"]
[Round "4"]
[White "Mecking, Henrique"]
[Black "Fernandez Fernandez, Angel"]
[Result "1-0"]
[WhiteElo "2610"]
[BlackElo "2300"]
[EventDate "1975.04.06"]
[PlyCount "41"]

1.e4 Nc6 2.Nf3 d5 3.exd5 Qxd5 4.Nc3 Qh5 5.Nb5 Kd8 6.d4 a6 7.Nc3 Bf5 8.Be2 
Qg6 9.d5 Bxc2 10.Qd2 Nb8 11.g4 Be4 12.Nh4 Qf6 13.g5 Qe5 14.O-O Bg6 15.f4 
Qd6 16.f5 h6 17.fxg6 hxg5 18.Qxg5 Nf6 19.Bf4 Qb6+ 20.Kh1 Qxb2 21.Rac1 1-0

[Event "4th Las Palmas it"]
[Site "Las Palmas ESP"]
[Date "1975.04.10"]
[Round "4"]
[White "Petrosian, Tigran"]
[Black "Tal, Mikhail"]
[Result "1/2-1/2"]
[WhiteElo "2645"]
[BlackElo "2645"]
[EventDate "1975.04.06"]
[PlyCount "37"]

1.d4 Nf6 2.c4 e6 3.Nf3 Bb4+ 4.Bd2 Qe7 5.g3 Nc6 6.Bg2 Bxd2+ 7.Nbxd2 d6 8.
O-O O-O 9.e4 e5 10.d5 Nb8 11.Ne1 a5 12.Nd3 Na6 13.b3 b6 14.a3 Nc5 15.Qc2 
Bd7 16.b4 Nxd3 17.Qxd3 Ra7 18.Qc3 Rfa8 19.Nb3 1/2-1/2

[Event "4th Las Palmas it"]
[Site "Las Palmas ESP"]
[Date "1975.04.10"]
[Round "4"]
[White "Tatai, Stefano"]
[Black "Visier Segovia, Fernando"]
[Result "1/2-1/2"]
[WhiteElo "2455"]
[BlackElo "2375"]
[EventDate "1975.04.06"]
[PlyCount "80"]

1.e4 c5 2.Nf3 Nc6 3.Bb5 g6 4.O-O Bg7 5.Re1 Nf6 6.e5 Nd5 7.Nc3 Nc7 8.Bxc6 
dxc6 9.Ne4 Ne6 10.d3 O-O 11.h3 b6 12.Neg5 Qc7 13.Qe2 h6 14.Nxe6 Bxe6 15.
Bf4 Qd7 16.a4 a5 17.b3 Rae8 18.Rad1 g5 19.Bc1 Bd5 20.Nh2 Qf5 21.Nf1 Qg6 
22.Ng3 f5 23.f4 Be6 24.Qh5 Qxh5 25.Nxh5 g4 26.Be3 Kh7 27.Ng3 Kg6 28.h4 Rd8
29.Ne2 Bc8 30.Rd2 Rd7 31.Red1 Rfd8 32.Kf2 h5 33.Nc3 e6 34.Nb1 Bf8 35.Na3 
Ba6 36.g3 Be7 37.c4 Kf7 38.Nc2 Bb7 39.Ke2 Ba6 40.Bf2 Bb7 1/2-1/2

[Event "4th Las Palmas it"]
[Site "Las Palmas ESP"]
[Date "1975.04.10"]
[Round "4"]
[White "Pomar Salamanca, Arturo"]
[Black "Olafsson, Fridrik"]
[Result "1/2-1/2"]
[WhiteElo "2450"]
[BlackElo "2535"]
[EventDate "1975.04.06"]
[PlyCount "33"]

1.e4 g6 2.d4 Bg7 3.c4 d6 4.Nc3 c6 5.g3 a6 6.a4 a5 7.Bg2 Na6 8.Nge2 e5 9.
Be3 Nf6 10.h3 O-O 11.d5 cxd5 12.cxd5 Nd7 13.O-O Ndc5 14.Kh2 Bd7 15.Nc1 Rc8
16.Nb3 Qb6 17.Nb5 1/2-1/2

[Event "4th Las Palmas it"]
[Site "Las Palmas ESP"]
[Date "1975.04.10"]
[Round "4"]
[White "Ljubojevic, Ljubomir"]
[Black "Rodriguez Vargas, Orestes"]
[Result "1-0"]
[WhiteElo "2615"]
[BlackElo "2435"]
[EventDate "1975.04.06"]
[PlyCount "79"]

1.e4 c6 2.Nf3 d5 3.Nc3 Bg4 4.h3 Bxf3 5.Qxf3 Nf6 6.d3 e6 7.a3 Nbd7 8.g4 g6 
9.Qg3 Bc5 10.e5 d4 11.Ne2 Nd5 12.Bg2 h5 13.c3 h4 14.Qh2 dxc3 15.bxc3 Qa5 
16.Bd2 Qa6 17.Nc1 Qa4 18.O-O Bb6 19.Bf3 Bc7 20.Re1 O-O-O 21.Bd1 Qa6 22.f4 
Ba5 23.c4 Nc3 24.Bc2 Nc5 25.Be3 N3a4 26.Rf1 Bc3 27.Rb1 Bd4 28.Qf2 Bxe3 29.
Qxe3 Qa5 30.d4 Na6 31.Qb3 Nb6 32.c5 Nxc5 33.dxc5 Qxc5+ 34.Kh1 Rd2 35.Be4 
Rhd8 36.Qf3 Qc4 37.Re1 R8d7 38.Nb3 R2d3 39.Bxd3 Rxd3 40.Re3 1-0

[Event "4th Las Palmas it"]
[Site "Las Palmas ESP"]
[Date "1975.04.11"]
[Round "5"]
[White "Rodriguez Vargas, Orestes"]
[Black "Andersson, Ulf"]
[Result "1/2-1/2"]
[WhiteElo "2435"]
[BlackElo "2565"]
[EventDate "1975.04.06"]
[PlyCount "81"]

1.d4 Nf6 2.c4 e6 3.Nc3 Bb4 4.e3 c5 5.Bd3 O-O 6.Nf3 d5 7.O-O dxc4 8.Bxc4 
Nbd7 9.a3 cxd4 10.exd4 Bxc3 11.bxc3 Qc7 12.Qd3 b6 13.h3 Bb7 14.Ba2 Rac8 
15.c4 e5 16.Nxe5 Nxe5 17.dxe5 Qxe5 18.Be3 Rfd8 19.Qe2 Ne4 20.Rfe1 Rd6 21.
f3 Nc3 22.Qf2 Nxa2 23.Rxa2 Qf5 24.c5 Rg6 25.Kh1 bxc5 26.Bxc5 a6 27.Rae2 h6
28.Re5 Qf4 29.Qd4 Qg3 30.Qf2 Qxf2 31.Bxf2 Rc2 32.R1e2 Rgc6 33.Bd4 Rxe2 34.
Rxe2 Rc4 35.Rd2 Bc8 36.Kg1 Be6 37.Kf2 a5 38.Bb6 a4 39.Ba5 Kh7 40.Bb4 h5 
41.Ke3 1/2-1/2

[Event "4th Las Palmas it"]
[Site "Las Palmas ESP"]
[Date "1975.04.11"]
[Round "5"]
[White "Olafsson, Fridrik"]
[Black "Debarnot, Roberto Luis"]
[Result "1-0"]
[WhiteElo "2535"]
[BlackElo "2380"]
[EventDate "1975.04.06"]
[PlyCount "67"]

1.c4 c5 2.Nf3 Nf6 3.Nc3 e6 4.d4 d5 5.cxd5 Nxd5 6.e4 Nxc3 7.bxc3 cxd4 8.
cxd4 Nc6 9.a3 Be7 10.Bc4 b5 11.Ba2 O-O 12.O-O Bb7 13.Qd3 Na5 14.Rd1 Nc4 
15.Bb1 g6 16.Qb3 a6 17.Bh6 Re8 18.a4 Bf8 19.Bxf8 Rxf8 20.Bd3 Nd6 21.Re1 
Rc8 22.h4 Qc7 23.h5 Rfe8 24.Ra2 Qc3 25.Qb1 Kg7 26.axb5 axb5 27.Bxb5 Bxe4 
28.Rxe4 Rb8 29.Re5 Rec8 30.Rb2 Rb6 31.Rb3 Qc1+ 32.Re1 Qxb1 33.Rexb1 gxh5 
34.Bd3 1-0

[Event "4th Las Palmas it"]
[Site "Las Palmas ESP"]
[Date "1975.04.11"]
[Round "5"]
[White "Tal, Mikhail"]
[Black "Tatai, Stefano"]
[Result "1-0"]
[WhiteElo "2645"]
[BlackElo "2455"]
[EventDate "1975.04.06"]
[PlyCount "79"]

1.d4 Nf6 2.Nf3 c5 3.d5 e6 4.c4 exd5 5.cxd5 d6 6.Nc3 g6 7.Bg5 h6 8.Bh4 g5 
9.Bg3 Nh5 10.e3 Nxg3 11.hxg3 Bg7 12.Qc2 Nd7 13.Bd3 Nf6 14.Nd2 O-O 15.Nc4 
Qe7 16.a4 Bd7 17.O-O Rab8 18.Rfe1 b6 19.e4 Rfe8 20.Nb5 Bxb5 21.axb5 Ng4 
22.Qd1 Qd7 23.Rxa7 Qxa7 24.Qxg4 Rbd8 25.Qf5 Re5 26.Nxe5 Bxe5 27.f4 Bd4+ 
28.Kh2 Qd7 29.Qxd7 Rxd7 30.Ra1 c4 31.Bxc4 Bxb2 32.Ra8+ Kg7 33.Be2 Bf6 34.
Rb8 Bd8 35.Bg4 Bc7 36.Re8 Rd8 37.Re7 Bb8 38.Rb7 Kf6 39.Bh5 Rf8 40.Kh3 1-0

[Event "4th Las Palmas it"]
[Site "Las Palmas ESP"]
[Date "1975.04.11"]
[Round "5"]
[White "Larsen, Bent"]
[Black "Ljubojevic, Ljubomir"]
[Result "1/2-1/2"]
[WhiteElo "2625"]
[BlackElo "2615"]
[EventDate "1975.04.06"]
[PlyCount "92"]

1.g3 e5 2.Bg2 Nc6 3.d3 d5 4.a3 Nf6 5.b4 a5 6.b5 Nd4 7.Nc3 c6 8.Rb1 Bd6 9.
e3 Ne6 10.Nge2 O-O 11.O-O Qe7 12.a4 Nd7 13.f4 f5 14.fxe5 Nxe5 15.Nf4 Ng4 
16.Qe1 Bd7 17.h3 Nxf4 18.gxf4 Nf6 19.Ne2 c5 20.Bd2 Rae8 21.Kh1 b6 22.Ng1 
Qf7 23.Qf2 Qh5 24.Rbe1 h6 25.Qf3 Qf7 26.Bc3 Be6 27.Be5 Bxe5 28.fxe5 Nh5 
29.Ne2 g5 30.Ng3 Ng7 31.c3 Qg6 32.Qd1 Rd8 33.Ne2 Nh5 34.Rg1 f4 35.exf4 
Nxf4 36.Nxf4 Rxf4 37.Ref1 Rdf8 38.Rxf4 Rxf4 39.Rf1 Qf5 40.Rxf4 Qxf4 41.d4 
cxd4 42.Qxd4 Qxd4 43.cxd4 Kg7 44.Kh2 Kg6 45.Kg3 h5 46.Bf3 h4+ 1/2-1/2

[Event "4th Las Palmas it"]
[Site "Las Palmas ESP"]
[Date "1975.04.11"]
[Round "5"]
[White "Cardoso, Rodolfo Tan"]
[Black "Petrosian, Tigran"]
[Result "0-1"]
[WhiteElo "2410"]
[BlackElo "2645"]
[EventDate "1975.04.06"]
[PlyCount "100"]

1.e4 c5 2.Nf3 e6 3.d4 cxd4 4.Nxd4 Nf6 5.Nc3 d6 6.g4 a6 7.g5 Nfd7 8.h4 b5 
9.Bg2 Bb7 10.h5 Nc6 11.a3 Rc8 12.Rh3 Nxd4 13.Qxd4 Rc4 14.Qe3 Be7 15.f4 e5 
16.f5 h6 17.g6 fxg6 18.hxg6 Nf6 19.Bd2 Qa8 20.O-O-O Nxe4 21.Bxe4 Bxe4 22.
b3 Rd4 23.f6 Bxf6 24.Re1 d5 25.Nxe4 Rxe4 26.Qc5 Rxe1+ 27.Bxe1 Kd7 28.Bb4 
Qc6 29.Qa7+ Ke6 30.Rg3 e4 31.Qf7+ Ke5 32.Rc3 Qe6 33.Rc7 Kf5 34.Rd7 Re8 35.
Rd6 Qc8 36.Rxd5+ Kg4 37.Rd1 Qe6 38.Rg1+ Kh3 39.Qa7 e3 40.Qb7 Qe4 41.Qd7+ 
Re6 42.Qd1 e2 43.Qe1 Qe5 44.Rh1+ Kg4 45.Qg1+ Kf5 46.Qf2+ Kxg6 47.Rg1+ Kf7 
48.Re1 Kg8 49.Kd2 Bg5+ 50.Kd3 Qd5+ 0-1

[Event "4th Las Palmas it"]
[Site "Las Palmas ESP"]
[Date "1975.04.11"]
[Round "5"]
[White "Fernandez Fernandez, Angel"]
[Black "Hort, Vlastimil"]
[Result "0-1"]
[WhiteElo "2300"]
[BlackElo "2600"]
[EventDate "1975.04.06"]
[PlyCount "80"]

1.e4 c5 2.Nf3 Nc6 3.d4 cxd4 4.Nxd4 Qc7 5.c4 Nf6 6.Nc3 e6 7.a3 b6 8.Be3 Bb7
9.f3 Rc8 10.Be2 Ne5 11.Rc1 Qb8 12.Qa4 Ng6 13.Qd1 Bd6 14.Ndb5 Be5 15.g3 a6 
16.Nd4 h5 17.f4 Nxe4 18.Bf3 Nxc3 19.Rxc3 Bf6 20.h4 Ne7 21.O-O g6 22.Rb3 
Bxf3 23.Nxf3 Rxc4 24.Rxb6 Qc8 25.Qb3 O-O 26.Nd2 Rc6 27.Ne4 Bg7 28.Qd3 d5 
29.Ng5 Nf5 30.Rxc6 Qxc6 31.Rc1 Qb5 32.Qxb5 axb5 33.Kf2 Bxb2 34.Rb1 Bxa3 
35.Rxb5 Rc8 36.Bd2 Bc5+ 37.Kg2 Be7 38.Nf3 Bf6 39.Rb7 Rc2 40.Kh3 Nd4 0-1